000 01252cam a22002895a 4500
001 L160117
008 170725s2016 xxk f 000 0 eng d
035 _a(Sirsi) u160117
041 0 _aeng
110 2 _aRoyal Institution of Chartered Surveyors
_94900
245 0 0 _aREITs in China
_bOpportunities and challenges
_h[electronic resource]
246 _a探索中国房地产投资信托(REITs) : 机遇与挑战
260 _aLondon
_bRICS
_c2016
490 0 _aRICS Research
520 _aAims to compare the Real Estate Investment Trusts (REITS) in HK, China and Singapore in terms of regulation, taxation, costs and returns. As an important tool for facilitating real estate liquidity, the opportunity for the development of (REITs) in China has arrived.
590 _aNTK
650 2 4 _aCommercial property
_96227
650 2 4 _aPROPERTY-PROPERTY FINANCE AND INVESTMENT-REAL ESTATE INVESTMENT TRUSTS
650 2 4 _aINVESTMENT
651 _aSingapore
651 4 _aChina
651 4 _aHong Kong
700 1 _aZhang, S.
700 1 _aYuan, Shirling
856 4 0 _uhttps://www.rics.org/profession-standards/knowledge-and-information-services
_zemail [email protected] to request a copy in either Mandarin or English
942 _n0
_2ddc
999 _c116232
_d116232